00729nam a22001097a 4500040000800000082002700008100004800035245046800083260002600551300002200577856002000599 cRUA aAED CHO 2018 B650 Or.1 aCHONG SOKLEANG ចុង សុខលាង athe study on the economic efficiency of cricket farms hour pisey in yutsamaky commune, oudong district, kampong speu province ការសិក្សារអំពីប្រសិទ្ធភាពសេដ្ឋកិច្ចនៃកសិដ្ឋានចិញ្ចឹមចង្រិតរបស់លោក ពិសី នៅឃុំយុទ្ធសាមគ្គី ស្រុកឧដុង្គ ខេត្តកំពង់ស្ពឺ aRUAbPhnom penhc2018 ax;40pbill;c29cm u CHONG SOKLEANG